<?xml version="1.0" encoding="UTF-8"?>
<record
    xmlns:xsi="http://www.w3.org/2001/XMLSchema-instance"
    xsi:schemaLocation="http://www.loc.gov/MARC21/slim http://www.loc.gov/standards/marcxml/schema/MARC21slim.xsd"
    xmlns="http://www.loc.gov/MARC21/slim">

  <leader>00921nam a22002057a 4500</leader>
  <controlfield tag="005">20241202150907.0</controlfield>
  <datafield tag="010" ind1=" " ind2=" ">
    <subfield code="a">HIN-128811</subfield>
  </datafield>
  <datafield tag="020" ind1=" " ind2=" ">
    <subfield code="c">250.00</subfield>
    <subfield code="a">9788197260964</subfield>
  </datafield>
  <datafield tag="035" ind1=" " ind2=" ">
    <subfield code="a">HN-101157</subfield>
  </datafield>
  <datafield tag="037" ind1=" " ind2=" ">
    <subfield code="b">DBAD</subfield>
  </datafield>
  <datafield tag="082" ind1=" " ind2=" ">
    <subfield code="a">808.883</subfield>
  </datafield>
  <datafield tag="245" ind1=" " ind2=" ">
    <subfield code="a">&#x92E;&#x947;&#x930;&#x93E; &#x915;&#x92E;&#x930;&#x93E;:</subfield>
    <subfield code="b">&#x938;&#x902;&#x938;&#x94D;&#x92E;&#x930;&#x923; (&#x92D;&#x93E;&#x917;-2)/</subfield>
    <subfield code="c">&#x938;&#x941;&#x930;&#x947;&#x936; &#x909;&#x928;&#x93F;&#x92F;&#x93E;&#x932; &#x926;&#x94D;&#x935;&#x93E;&#x930;&#x93E; &#x938;&#x902;&#x92A;&#x93E;&#x926;&#x93F;&#x924;</subfield>
  </datafield>
  <datafield tag="250" ind1=" " ind2=" ">
    <subfield code="a">&#x92A;&#x94D;&#x930;&#x925;&#x92E; </subfield>
  </datafield>
  <datafield tag="260" ind1=" " ind2=" ">
    <subfield code="a">&#x90B;&#x937;&#x93F;&#x915;&#x947;&#x936; (&#x926;&#x947;&#x939;&#x930;&#x93E;&#x926;&#x942;&#x928;)</subfield>
    <subfield code="b">&#x915;&#x93E;&#x935;&#x94D;&#x92F;&#x93E;&#x902;&#x936; &#x92A;&#x94D;&#x930;&#x915;&#x93E;&#x936;&#x928; </subfield>
    <subfield code="c">2024 </subfield>
  </datafield>
  <datafield tag="270" ind1=" " ind2=" ">
    <subfield code="a">&#x935;&#x936;&#x93F;&#x937;&#x94D;&#x920; &#x938;&#x926;&#x928;, 72 &#x930;&#x947;&#x932;&#x935;&#x947; &#x930;&#x94B;&#x921; </subfield>
    <subfield code="b">&#x90B;&#x937;&#x93F;&#x915;&#x947;&#x936; </subfield>
    <subfield code="e">249201</subfield>
    <subfield code="k">9412054115</subfield>
    <subfield code="k">7300554115</subfield>
    <subfield code="m">kavyanshprakashan@gmail.com</subfield>
  </datafield>
  <datafield tag="300" ind1=" " ind2=" ">
    <subfield code="a">172&#x92A;&#x943;.</subfield>
    <subfield code="c">22 &#x938;&#x947;&#x92E;&#x940; (&#x905;&#x91C;&#x93F;&#x932;&#x94D;&#x926;)</subfield>
  </datafield>
  <datafield tag="500" ind1=" " ind2=" ">
    <subfield code="a">&#x92D;&#x93E;&#x917; -&#x926;&#x94B; </subfield>
  </datafield>
  <datafield tag="700" ind1=" " ind2=" ">
    <subfield code="9">66429</subfield>
    <subfield code="a">&#x909;&#x928;&#x93F;&#x92F;&#x93E;&#x932;, &#x938;&#x941;&#x930;&#x947;&#x936; </subfield>
  </datafield>
  <datafield tag="942" ind1=" " ind2=" ">
    <subfield code="2">ddc</subfield>
    <subfield code="c">HN</subfield>
    <subfield code="h">808.883</subfield>
    <subfield code="m">&#x92E;&#x947;&#x930;&#x93E;&#x915; </subfield>
  </datafield>
  <datafield tag="999" ind1=" " ind2=" ">
    <subfield code="c">207020</subfield>
    <subfield code="d">207020</subfield>
  </datafield>
  <datafield tag="952" ind1=" " ind2=" ">
    <subfield code="0">0</subfield>
    <subfield code="1">0</subfield>
    <subfield code="4">0</subfield>
    <subfield code="7">0</subfield>
    <subfield code="8">NFIC</subfield>
    <subfield code="a">BN</subfield>
    <subfield code="b">BN</subfield>
    <subfield code="d">2024-11-25</subfield>
    <subfield code="e">DBAD</subfield>
    <subfield code="g">250.00</subfield>
    <subfield code="l">0</subfield>
    <subfield code="o">808.883 &#x92E;&#x947;&#x930;&#x93E;&#x915; </subfield>
    <subfield code="p">HN-101157</subfield>
    <subfield code="r">2024-11-25 00:00:00</subfield>
    <subfield code="t">1</subfield>
    <subfield code="v">250.00</subfield>
    <subfield code="w">2024-11-25</subfield>
    <subfield code="y">HN</subfield>
  </datafield>
</record>
